Florida Former and Current Municipalities - Statistics

General Stats
  • This quiz has been taken 9 times
  • The average score is 26 of 1674
Answer Stats
Municipality % Correct
Miami
100%
Jacksonville
80%
Tallahassee
80%
Orlando
60%
Tampa
60%
Day
40%
Hialeah
40%
Jacksonville Beach
40%
Key Largo
40%
Miami Beach
40%
New Smyrna Beach
40%
Pensacola
40%
Sarasota
40%
St. Augustine
40%
Alachua
20%
Altamonte Springs
20%
Alton
20%
Apalachicola
20%
Apopka
20%
Archer
20%
Atlantic Beach
20%
Big Coppitt Key
20%
Big Pine Key
20%
Boca Chica Key
20%
Boca Raton
20%
Boynton Beach
20%
Bradenton
20%
Brandon
20%
Cape Coral
20%
Clearwater
20%
Conch Key
20%
Coral Springs
20%
Crawford
20%
Crawfordville
20%
Cudjoe Key
20%
Davie
20%
Daytona Beach
20%
Deerfield Beach
20%
Destin
20%
Duck Key
20%
Dunedin
20%
Eatonville
20%
Flagler Beach
20%
Florida City
20%
Fort Lauderdale
20%
Fort Myers
20%
Gainesville
20%
Hampton
20%
Hollywood
20%
Homestead
20%
Islamorada
20%
Key Colony Beach
20%
Key West
20%
Kissimmee
20%
Knights
20%
Lake City
20%
Lakeport
20%
Largo
20%
Layton
20%
Lower Sugarloaf Key
20%
Macclenny
20%
Madison
20%
Maitland
20%
Marathon
20%
Melbourne
20%
Melbourne Beach
20%
Miami Gardens
20%
Middle Torch Key
20%
Moore Haven
20%
Naples
20%
North Key Largo
20%
North Miami
20%
North Palm Beach
20%
North Port
20%
Ocala
20%
Okeechobee
20%
Palm Beach
20%
Panama City
20%
Paxton
20%
Pembroke Pines
20%
Pompano Beach
20%
Port Charlotte
20%
Port St. Lucie
20%
Ramrod Key
20%
Riverview
20%
Sarasota Springs
20%
South Miami
20%
South Palm Beach
20%
St. Augustine Beach
20%
St. Cloud
20%
St. Marks
20%
St. Petersburg
20%
Summerland Key
20%
Suwannee
20%
Tavernier
20%
Upper Sugarloaf Key
20%
Winter Park
20%
Zephyrhills
20%
Abe Springs
0%
Acacia Village
0%
Adamsville
0%
Alafaya
0%
Alafia
0%
Alamana
0%
Alford
0%
Allandale
0%
Allentown
0%
Alligator Point
0%
Almarante
0%
Altha
0%
Altoona
0%
Alturas
0%
Alva
0%
Alys Beach
0%
Amelia City
0%
American Beach
0%
Andover Lakes
0%
Andrews
0%
Anna Maria
0%
Anthony
0%
Antioch
0%
Apollo Beach
0%
Apoxsee
0%
Arcadia
0%
Argyle
0%
Aripeka
0%
Armstrong
0%
Arredondo
0%
Asbury Lake
0%
Astatula
0%
Astor
0%
Astor Park
0%
Atlantis
0%
Auburndale
0%
Aucilla
0%
Aurantia
0%
Avalon
0%
Avalon Park
0%
Aventura
0%
Avoca
0%
Avon Park
0%
Azalea Park
0%
Babson Park
0%
Bagdad
0%
Baker
0%
Baldwin
0%
Bal Harbour
0%
Balm
0%
Banana
0%
Barber Quarters
0%
Barberville
0%
Bardin
0%
Bardmoor
0%
Barefoot Bay
0%
Barrineau Park
0%
Bartow
0%
Bartram Springs
0%
Bascom
0%
Bay Crest Park
0%
Bay Harbor Islands
0%
Bay Hill
0%
Bay Lake
0%
Bayonet Point
0%
Bayou George
0%
Bay Pines
0%
Bay Point
0%
Bayport
0%
Bayshore Gardens
0%
Beachville
0%
Beacon Square
0%
Bealsville
0%
Bear Creek
0%
Becker
0%
Beck Hammock
0%
Bee Ridge
0%
Belair
0%
Bel-Air (Sanford)
0%
Bell
0%
Bellair
0%
Bellair-Meadowbrook Terrace
0%
Belleair
0%
Belleair Beach
0%
Belleair Bluffs
0%
Belleair Shore
0%
Belle Glade
0%
Belle Isle
0%
Belleview
0%
Bellview
0%
Benson Junction
0%
Berrydale
0%
Bertha
0%
Bethany
0%
Bethel
0%
Bethlehem
0%
Bethune Beach
0%
Beverly Beach
0%
Beverly Hills
0%
Big Torch Key
0%
Bimini
0%
Bird Key
0%
Biscayne Park
0%
Bithlo
0%
Black Diamond
0%
Black Hammock
0%
Bland
0%
Blitchton
0%
Bloomingdale
0%
Blountstown
0%
Bloxham
0%
Boardman
0%
Boca Grande
0%
Boca West
0%
Bokeelia
0%
Bonifay
0%
Bonita Springs
0%
Bostwick
0%
Boulevard Gardens
0%
Boulogne
0%
Bowling Green
0%
Boyette
0%
Bradenton Beach
0%
Bradfordville
0%
Bradley Junction
0%
Branford
0%
Brent
0%
Brewster
0%
Brighton Seminole Indian Reservation
0%
Briny Breezes
0%
Bristol
0%
Broad Branch
0%
Broadview Park
0%
Bronson
0%
Brooker
0%
Brookridge
0%
Brooksville
0%
Brownsdale
0%
Brownsville
0%
Brownville
0%
Broxson
0%
Bryant
0%
Bryceville
0%
Bucell Junction
0%
Buckhead Ridge
0%
Buckingham
0%
Buenaventura Lakes
0%
Buena Vista
0%
Bull Creek
0%
Bunnell
0%
Burnt Store Marina
0%
Bushnell
0%
Butler Beach
0%
Cabana Colony
0%
Callahan
0%
Callaway
0%
Campbell
0%
Campbellton
0%
Campville
0%
Canal Point
0%
Canaveral Groves
0%
Candler
0%
Cape Canaveral
0%
Cape San Blas
0%
Capitola
0%
Capps
0%
Captiva
0%
Carnestown
0%
Carrabelle
0%
Carr Community
0%
Carrollwood
0%
Carrollwood Village
0%
Caryville
0%
Cassadaga
0%
Casselberry
0%
Cedar Grove
0%
Cedar Key
0%
Celebration
0%
Center Hill
0%
Centerville
0%
Century
0%
Cerrogordo
0%
Chaires
0%
Charleston Park
0%
Charlotte Harbor
0%
Charlotte Park
0%
Chason
0%
Chatham
0%
Chattahoochee
0%
Cherry Lake
0%
Cheval
0%
Chiefland
0%
Chipley
0%
Chipola
0%
Chokoloskee
0%
Christmas
0%
Chuluota
0%
Chumuckla
0%
Cinco Bayou
0%
Citra
0%
Citrus Center
0%
Citrus Hills
0%
Citrus Park
0%
Citrus Springs
0%
Clair-Mel City
0%
Clarcona
0%
Clarksville
0%
Clay Hill
0%
Clermont
0%
Cleveland
0%
Clewiston
0%
Cloud Lake
0%
Cobbtown
0%
Cocoa
0%
Cocoa Beach
0%
Cocoa West
0%
Coconut Creek
0%
Coconut Grove
0%
Cody
0%
Coleman
0%
Combee Settlement
0%
Connected City
0%
Connerton
0%
Conway
0%
Cooper City
0%
Coopertown
0%
Copeland
0%
Coral Gables
0%
Coral Terrace
0%
Cortez
0%
Cottondale
0%
Country Club
0%
Country Walk
0%
Courtenay
0%
Cox
0%
Craggs
0%
Creighton
0%
Crescent Beach
0%
Crescent City
0%
Crestview
0%
Cromanton
0%
Crooked Lake Park
0%
Croom-A-Coochee
0%
Cross City
0%
Cross Creek
0%
Crystal Beach
0%
Crystal Lake
0%
Crystal River
0%
Crystal Springs
0%
Cubitis
0%
Curtis
0%
Cutler Bay
0%
Cypress
0%
Cypress Gardens
0%
Cypress Lake
0%
Cypress Quarters
0%
Dade City
0%
Dade City North
0%
Dahoma
0%
Dalkeith
0%
Dania Beach
0%
Darlington
0%
Davenport
0%
Daytona Beach Shores
0%
Daytona North
0%
DeBary
0%
Deem City
0%
Deep Creek
0%
Deerland
0%
Deer Park
0%
DeFuniak Springs
0%
DeLand
0%
DeLand Southwest
0%
De Leon Springs
0%
DeLeon Springs
0%
Delray Beach
0%
Del Rio
0%
Deltona
0%
Desoto Lakes
0%
Destiny
0%
Dickerson City
0%
Dixonville
0%
Doctor Phillips
0%
Doctors Inlet
0%
Dog Island (Florida)
0%
Dogtown
0%
Doral
0%
Dover
0%
Dowling Park
0%
Drifton
0%
Dr. Phillips
0%
Dublin
0%
Duette
0%
Dundee
0%
Dunnellon
0%
Dupont
0%
Durant
0%
Dyal
0%
Eagle Lake
0%
Earleton
0%
Early Bird
0%
East Bronson
0%
East Lake
0%
East Lake-Orient Park
0%
East Lake Weir
0%
East Milton
0%
East Naples
0%
East Palatka
0%
Eastpoint
0%
East Rockland Key
0%
East Tampa
0%
East Williston
0%
Eaton Park
0%
Eau Gallie
0%
Ebro
0%
Edgar
0%
Edgeville
0%
Edgewater
0%
Edgewood
0%
Eglin AFB
0%
Egypt Lake
0%
Egypt Lake-Leto
0%
Elfers
0%
El Jobean
0%
Elkton
0%
Ellenton
0%
Ellisville
0%
El Portal
0%
Elwood Park
0%
Emathla
0%
Emporia
0%
Englewood
0%
Ensley
0%
Enterprise
0%
Escambia Farms
0%
Espanola
0%
Estero
0%
Estiffanulga
0%
Esto
0%
Eufala
0%
Eustis
0%
Everglades City
0%
Evergreen
0%
Evinston
0%
Fairbanks
0%
Fairfield
0%
Fairview Shores
0%
Fairvilla
0%
Falmouth
0%
Fanlew
0%
Fanning Springs
0%
Farmton
0%
Favoretta
0%
Feather Sound
0%
Federal Point
0%
Felda
0%
Felkel
0%
Fellowship
0%
Fellsmere
0%
Fernandina Beach
0%
Fern Crest Village
0%
Ferndale
0%
Fern Park
0%
Ferry Pass
0%
Fidelis
0%
Fisher Island
0%
Fish Hawk
0%
Five Points
0%
Flagler Estates
0%
Fleming Island
0%
Flemington
0%
Flora
0%
Florahome
0%
Floral City
0%
Floridana Beach
0%
Florida Ridge
0%
Floridatown
0%
Fontainebleau
0%
Forest City
0%
Fort Brooke
0%
Fort Clarke
0%
Fort Denaud
0%
Fort Green
0%
Fort Green Springs
0%
Fort Hamer
0%
Fort Mason
0%
Fort Meade
0%
Fort Myers Beach
0%
Fort Myers Shores
0%
Fort Ogden
0%
Fort Pierce
0%
Fort Pierce North
0%
Fort Pierce South
0%
Fort Walton Beach
0%
Fort White
0%
Fountain
0%
Four Corners
0%
Fowler's Bluff
0%
Franklin Park
0%
Franklintown
0%
Freeport
0%
Frink
0%
Frog City
0%
Frostproof
0%
Fruit Cove
0%
Fruitland Park
0%
Fruitville
0%
Fuller Heights
0%
Fussels Corner
0%
Gandy
0%
Garcon Point
0%
Garden Cove
0%
Garden Grove
0%
Gardner
0%
Gaskins
0%
Gateway
0%
Geiger Key
0%
Geneva
0%
Georgetown
0%
Gibsonia
0%
Gibsonton
0%
Gifford
0%
Gillette
0%
Gladeview
0%
Glencoe
0%
Glen Ridge
0%
Glen St. Mary
0%
Glenvar Heights
0%
Glenwood
0%
Golden Beach
0%
Golden Gate
0%
Golden Glades
0%
Goldenrod
0%
Goldsboro
0%
Golf
0%
Golfview
0%
Gonzalez
0%
Goodland
0%
Gordon
0%
Gotha
0%
Goulding
0%
Goulds
0%
Graceville
0%
Graham
0%
Grandin
0%
Grand Island
0%
Grand Ridge
0%
Grant-Valkaria
0%
Grayton Beach
0%
Greenacres
0%
Greenbriar
0%
Green Cove Springs
0%
Greenhead
0%
Greensboro
0%
Greenville
0%
Greenwood
0%
Grenelefe
0%
Gretna
0%
Gritney
0%
Grove City
0%
Groveland
0%
Grove Park
0%
Gulf Breeze
0%
Gulf Gate Estates
0%
Gulf Hammock
0%
Gulf Harbors
0%
Gulfport
0%
Gulf Stream
0%
Gun Club Estates
0%
Hacienda Village
0%
Hague
0%
Haile
0%
Haile Plantation
0%
Haines City
0%
Hallandale Beach
0%
Harbor Bluffs
0%
Harbour Heights
0%
Harlem
0%
Harlem Heights
0%
Harmony
0%
Harold
0%
Hastings
0%
Havana
0%
Haverhill
0%
Hawley Heights
0%
Hawthorne
0%
Heathrow
0%
Heritage Pines
0%
Hernando
0%
Hernando Beach
0%
Hialeah Gardens
0%
Hibernia
0%
Highland Beach
0%
Highland City
0%
Highland Lakes
0%
Highland Park
0%
Highland View
0%
High Pines
0%
High Point
0%
Highpoint
0%
High Springs
0%
Hi Hat Ranch
0%
Hildreth
0%
Hillcrest Heights
0%
Hilliard
0%
Hilliardville
0%
Hill 'n Dale
0%
Hillsboro Beach
0%
Hillsboro Pines
0%
Hinson
0%
Hobe Sound
0%
Holden Heights
0%
Holder
0%
Holiday
0%
Holley
0%
Hollister
0%
Holly Hill
0%
Holmes Beach
0%
Holmes Valley
0%
Holopaw
0%
Holt
0%
Homeland
0%
Homestead Base
0%
Homosassa
0%
Homosassa Springs
0%
Hopewell
0%
Hopewell Gardens
0%
Horizon West
0%
Horseshoe Beach
0%
Hosford
0%
Houston
0%
Howard
0%
Howey-in-the-Hills
0%
Hudson
0%
Hudson Beach
0%
Hull
0%
Hunter's Creek
0%
Hunters Creek
0%
Huntington
0%
Hutchinson Island South
0%
Hypoluxo
0%
Iamonia
0%
Immokalee
0%
Indialantic
0%
Indian Creek
0%
Indian Harbour Beach
0%
Indian Lake Estates
0%
Indian Mound Village
0%
Indianola
0%
Indian River Estates
0%
Indian River Shores
0%
Indian Rocks Beach
0%
Indian Shores
0%
Indiantown
0%
Ingle
0%
Inglis
0%
Innerarity Point
0%
Innisbrook
0%
Intercession City
0%
Interlachen
0%
Inverness
0%
Inverness Highlands North
0%
Inverness Highlands South
0%
Inwood
0%
Iolee
0%
Iona
0%
Irvine
0%
Island Grove
0%
Islandia
0%
Island Walk
0%
Isleworth
0%
Istachatta
0%
Italia
0%
Ives Estates
0%
Jacob City
0%
Jan Phyl Village
0%
Jasmine Estates
0%
Jasper
0%
Jay
0%
Jena
0%
Jennings
0%
Jensen Beach
0%
Jerome
0%
Jewfish
0%
Jonesville
0%
Julington Creek Plantation
0%
June Park
0%
Juno Beach
0%
Juno Ridge
0%
Jupiter
0%
Jupiter Farms
0%
Jupiter Inlet Colony
0%
Jupiter Island
0%
Kalamazoo
0%
Kathleen
0%
Kenansville
0%
Kendale Lakes
0%
Kendall
0%
Kendall West
0%
Kendrick
0%
Kenneth City
0%
Kensington Park
0%
Kent
0%
Kenwood Estates
0%
Key Biscayne
0%
Key Haven
0%
Keystone
0%
Keystone Heights
0%
Keysville
0%
Key Vista
0%
Killarney
0%
Kinard
0%
Kings Ferry
0%
Kingsley Lake
0%
Korona
0%
LaBelle
0%
Lacoochee
0%
LaCrosse
0%
Lady Lake
0%
Laguna Beach
0%
Lake Alfred
0%
Lake Asbury
0%
Lake Belvedere Estates
0%
Lake Buena Vista
0%
Lake Butler
0%
Lake Clarke Shores
0%
Lake Como
0%
Lake Fern
0%
Lake Geneva
0%
Lake Hamilton
0%
Lake Harbor
0%
Lake Hart
0%
Lake Helen
0%
Lake Kathryn
0%
Lakeland
0%
Lakeland Highlands
0%
Lake Lindsey
0%
Lake Lorraine
0%
Lake Mack-Forest Hills
0%
Lake Magdalene
0%
Lake Mary
0%
Lake Mary Jane
0%
Lake Monroe
0%
Lake Mystic
0%
Lake Panasoffkee
0%
Lake Park
0%
Lake Placid
0%
Lake Sarasota
0%
Lakeshore
0%
Lakeside
0%
Lake Suzy
0%
Lake Tallavana
0%
Lake Wales
0%
Lakewood
0%
Lakewood Park
0%
Lake Worth Beach
0%
Lamont
0%
Lanark Village
0%
Land o' Lakes
0%
Lanier
0%
Lansing
0%
Lantana
0%
Lauderdale-by-the-Sea
0%
Lauderdale Lakes
0%
Lauderhill
0%
Laurel
0%
Laurel Hill
0%
LaVilla
0%
Lawtey
0%
Lazy Lake
0%
Lealman
0%
Lecanto
0%
Lee
0%
Leesburg
0%
Lehigh Acres
0%
Leisure City
0%
Lely
0%
Lely Resort
0%
Lemon Bluff
0%
Lemon Grove
0%
Leonards
0%
Lessie
0%
Leto
0%
Lighthouse Point
0%
Lillibridge
0%
Limestone
0%
Limestone Creek
0%
Linden
0%
Lisbon
0%
Lithia
0%
Little Gables
0%
Little Lake City
0%
Little Torch Key
0%
Live Oak
0%
Lloyd
0%
Lochloosa
0%
Lochmoor Waterway Estates
0%
Lockhart
0%
Lois Key
0%
Longboat Key
0%
Longwood
0%
Lorida
0%
Lorraine
0%
Lottieville
0%
Loughman
0%
Lowell
0%
Lower Grand Lagoon
0%
Loxahatchee
0%
Loxahatchee Groves
0%
Lulu
0%
Lutz
0%
Lynne
0%
Lynn Haven
0%
Mabel
0%
Madeira Beach
0%
Magnolia
0%
Malabar
0%
Malone
0%
Manalapan
0%
Manasota
0%
Manasota Key
0%
Manatee Road
0%
Mandarin
0%
Mango
0%
Mangonia Park
0%
Manhattan
0%
Marco Island
0%
Margate
0%
Marianna
0%
Marineland
0%
Marion Oaks
0%
Martin
0%
Mary Esther
0%
Marysville
0%
Masaryktown
0%
Mascotte
0%
Matlacha
0%
Matlacha Isles-Matlacha Shores
0%
Mayo
0%
Mayport
0%
Maytown
0%
McAlpin
0%
McDavid
0%
McGregor
0%
McIntosh
0%
McLellan
0%
McNeal
0%
McRae
0%
Meadowbrook Terrace
0%
Meadowcrest
0%
Meadow Oaks
0%
Meadow Woods
0%
Medart
0%
Medley
0%
Medulla
0%
Melbourne Shores
0%
Melbourne Village
0%
Melrose
0%
Memphis
0%
Memphis Heights
0%
Meridian
0%
Merritt Island
0%
Mexico Beach
0%
Miami Lakes
0%
Miami Shores
0%
Miami Springs
0%
Micanopy
0%
Micco
0%
Miccosukee
0%
Middleburg
0%
Midway
0%
Mikesville
0%
Miles City
0%
Milligan
0%
Millview
0%
Millville
0%
Milton
0%
Mims
0%
Minneola
0%
Minorville
0%
Miramar
0%
Miramar Beach
0%
Molino
0%
Monteocha
0%
Monticello
0%
Montura
0%
Montverde
0%
Moon Lake
0%
Morriston
0%
Mossy Head
0%
Mountain Lake
0%
Mount Carmel
0%
Mount Dora
0%
Mount Pleasant
0%
Mount Plymouth
0%
Mulat
0%
Mulberry
0%
Munson
0%
Murdock
0%
Murray Hill
0%
Muse
0%
Myakka City
0%
Myrtle Grove
0%
Nalcrest
0%
Naples Manor
0%
Naples Park
0%
Naranja
0%
Narcoossee
0%
Nassau Village-Ratliff
0%
Nassauville
0%
Navarre
0%
Navarre Beach
0%
Neals
0%
Neptune Beach
0%
Nevins
0%
Newberry
0%
New Hope
0%
New Monrovia
0%
Newnansville
0%
Newport
0%
New Port Richey
0%
New Port Richey East
0%
New York
0%
Niceville
0%
Nichols
0%
Nobleton
0%
Nocatee
0%
Nokomis
0%
Noma
0%
No Name Key
0%
North Bay Village
0%
North Brooksville
0%
Northdale
0%
North DeLand
0%
North Fort Myers
0%
North Lauderdale
0%
North Miami Beach
0%
North Naples
0%
North Redington Beach
0%
North River Shores
0%
North Ruskin
0%
North Sarasota
0%
North Tampa
0%
North Weeki Wachee
0%
Nowatney
0%
Oak Grove
0%
Oak Hill
0%
Oakland
0%
Oakland Park
0%
Oakleaf Plantation
0%
Oak Ridge
0%
O'Brien
0%
Ocean Breeze
0%
Ocean City
0%
Ocean Ridge
0%
Ocheeseulga
0%
Ochlockonee
0%
Ochlockonee Bay
0%
Ochopee
0%
Ocklawaha
0%
Ocoee
0%
Odessa
0%
Ohio Key
0%
Ojus
0%
Okahumpka
0%
Okaloosa Island
0%
Okeelanta
0%
Oldsmar
0%
Old Town
0%
Olga
0%
Olustee
0%
Olympia Heights
0%
Ona
0%
Oneco
0%
O'Neil
0%
Opa-locka
0%
Orange Bend
0%
Orange City
0%
Orange Heights
0%
Orange Lake
0%
Orange Park
0%
Orange Springs
0%
Orangetree
0%
Orchid
0%
Orient Park
0%
Oriole Beach
0%
Orlo Vista
0%
Orlovista
0%
Ormond Beach
0%
Ormond-by-the-Sea
0%
Ortona
0%
Oslo
0%
Osprey
0%
Osteen
0%
Otter Creek
0%
Oviedo
0%
Oxford
0%
Ozello
0%
Ozona
0%
Pace
0%
Page Park
0%
Pahokee
0%
Painters Hill
0%
Paisley
0%
Palatka
0%
Palatka Heights
0%
Palma Sola
0%
Palm Bay
0%
Palm Beach Farms
0%
Palm Beach Gardens
0%
Palm Beach Shores
0%
Palm City
0%
Palm Coast
0%
Palmdale
0%
Palmetto
0%
Palmetto Bay
0%
Palmetto Estates
0%
Palm Harbor
0%
Palmona Park
0%
Palm River
0%
Palm River-Clair Mel
0%
Palm Shores
0%
Palm Springs
0%
Palm Springs North
0%
Palm Valley
0%
Palm View
0%
Panacea
0%
Panama City Beach
0%
Paradise
0%
Paradise Heights
0%
Parker
0%
Parkland
0%
Parmalee
0%
Parrish
0%
Pasadena
0%
Pasadena Hills
0%
Pass-a-Grille
0%
Patrick SFB
0%
Pea Ridge
0%
Pebble Creek
0%
Pelican Bay
0%
Pemberton Ferry
0%
Pembroke Park
0%
Penney Farms
0%
Pennichaw
0%
Pennsuco
0%
Pensacola Beach
0%
Perdido Key
0%
Perrine
0%
Perry
0%
Peters
0%
Picnic
0%
Pierson
0%
Pine Air
0%
Pine Castle
0%
Pinecrest
0%
Pine Hills
0%
Pine Island
0%
Pine Island Center
0%
Pine Lakes
0%
Pineland
0%
Pine Level
0%
Pinellas Park
0%
Pine Manor
0%
Pineola
0%
Pine Ridge
0%
Pinetta
0%
Pinewood
0%
Pioneer
0%
Pittman
0%
Pittsburg
0%
Placida
0%
Plantation
0%
Plantation Island
0%
Plantation Mobile Home Park
0%
Plant City
0%
Platt
0%
Plymouth
0%
Poinciana
0%
Point Baker
0%
Point Washington
0%
Polk City
0%
Pomona Park
0%
Ponce-Davis
0%
Ponce de Leon
0%
Ponce Inlet
0%
Ponte Vedra Beach
0%
Port LaBelle
0%
Port Leon
0%
Port Mayaca
0%
Port Orange
0%
Port Richey
0%
Port Salerno
0%
Port St. Joe
0%
Port St. John
0%
Port Sutton
0%
Port Tampa
0%
Pretty Bayou
0%
Princeton
0%
Progress Village
0%
Prosperity
0%
Punta Gorda
0%
Punta Rassa
0%
Putnam Hall
0%
Quail Ridge
0%
Quincy
0%
Raiford
0%
Rainbow Lakes Estates
0%
Raleigh
0%
Reddick
0%
Red Head
0%
Redington Beach
0%
Redington Shores
0%
Redland
0%
Red Level
0%
Reedy Creek Improvement District
0%
Reston
0%
Richmond Heights
0%
Richmond West
0%
Ridgecrest
0%
Ridge Manor
0%
Ridgewood
0%
Ridge Wood Heights
0%
Rio
0%
Rio Pinar
0%
River Park
0%
River Ranch
0%
River Ridge
0%
Riviera Beach
0%
Rochelle
0%
Rock Harbor
0%
Rockland Key
0%
Rockledge
0%
Rocky Creek
0%
Roeville
0%
Romeo
0%
Roosevelt Gardens
0%
Roseland
0%
Rosemary Beach
0%
Rotonda
0%
Rotonda West
0%
Round Lake
0%
Royal Palm Beach
0%
Royal Palm Estates
0%
Rubonia
0%
Runyon
0%
Ruskin
0%
Rutland
0%
Rutledge
0%
Rye
0%
Saddlebunch Keys
0%
Safety Harbor
0%
Salt Springs
0%
Samoset
0%
Sampson City
0%
Samsula-Spruce Creek
0%
San Antonio
0%
San Carlos Park
0%
San Castle
0%
Sanderson
0%
Sandestin Golf and Beach Resort
0%
Sand Hills
0%
Sanford
0%
Sanibel
0%
Sanlando Springs
0%
San Mateo
0%
Santa Monica
0%
Santa Rosa Beach
0%
Satellite Beach
0%
Satsuma
0%
Sawgrass
0%
Schall Circle
0%
Scotland
0%
Scottown
0%
Scotts Ferry
0%
Scottsmoor
0%
Seabreeze
0%
Seacrest
0%
Seagrove Beach
0%
Sea Ranch Lakes
0%
Seaside
0%
Sebastian
0%
Sebring
0%
Seffner
0%
Selman
0%
Seminole
0%
Seminole Manor
0%
Senyah
0%
Seville
0%
Sewall's Point
0%
Shadeville
0%
Shady Grove
0%
Shady Hills
0%
Shalimar
0%
Shamrock
0%
Shark Key
0%
Sharpes
0%
Shell Point
0%
Siesta Key
0%
Silver Lake
0%
Silver Palm
0%
Silver Springs
0%
Silver Springs Shores
0%
Sky Lake
0%
Slavia
0%
Sneads
0%
Socrum
0%
Solana
0%
Sopchoppy
0%
Sorrento
0%
South Apopka
0%
South Bay
0%
South Beach
0%
South Bradenton
0%
South Brooksville
0%
Southchase
0%
South Cocoa Beach
0%
South Daytona
0%
Southeast Arcadia
0%
Southfort
0%
Southgate
0%
South Gate Ridge
0%
South Highpoint
0%
South Jacksonville
0%
South Miami Heights
0%
South Pasadena
0%
South Patrick Shores
0%
Southport
0%
South Sarasota
0%
South Venice
0%
Southwest Ranches
0%
Sparr
0%
Springfield
0%
Spring Grove
0%
Spring Hill
0%
Springhill
0%
Spring Lake
0%
Spring Ridge
0%
Spuds
0%
Stacey Street
0%
Starke
0%
St. Augustine Shores
0%
St. Augustine South
0%
St. Catherine
0%
Steinhatchee
0%
St. Hebron
0%
St. James City
0%
St. Johns
0%
St. Joseph
0%
St. Joseph, Gulf County
0%
St. Leo
0%
St. Lucie Village
0%
Stock Island
0%
St. Pete Beach
0%
St. Teresa
0%
Stuart
0%
Sugarloaf Shores
0%
Sugarmill Woods
0%
Sumatra
0%
Summerfield
0%
Summer Haven
0%
Sumner
0%
Sumterville
0%
Sun City
0%
Sun City Center
0%
Suncoast Estates
0%
Sun 'n Lake of Sebring
0%
Sunny Hills
0%
Sunny Isles Beach
0%
Sunnyside
0%
Sun Ray
0%
Sunrise
0%
Sunset
0%
Sunset Beach
0%
Suntree
0%
Surfside
0%
Suwannee Springs
0%
Svea
0%
Sweet Gum Head
0%
Sweetwater
0%
Sweetwater Creek
0%
Sweetwater Ranch
0%
Switzerland
0%
Sydney
0%
Taft
0%
Taintsville
0%
Tallevast
0%
Tamarac
0%
Tamiami
0%
Tangelo Park
0%
Tangerine
0%
Tara
0%
Tarpon Springs
0%
Tarrytown
0%
Tavares
0%
Taylor Creek
0%
Telogia
0%
Temple Terrace
0%
Tequesta
0%
Terra Ceia
0%
The Acreage
0%
The Crossings
0%
The Hammocks
0%
The Meadows
0%
The Villages
0%
Thonotosassa
0%
Three Lakes
0%
Three Oaks
0%
Tice
0%
Tierra Verde
0%
Tiger Point
0%
Tildenville
0%
Timber Pines
0%
Titusville
0%
Town 'n' Country
0%
Treasure Island
0%
Trenton
0%
Trilacoochee
0%
Trilby
0%
Trinity
0%
Turkey Creek
0%
Two Egg
0%
Tyler
0%
Tyndall AFB
0%
Umatilla
0%
Union Park
0%
University
0%
University Park
0%
Upper Grand Lagoon
0%
Upthegrove Beach
0%
Valdez
0%
Valparaiso
0%
Valrico
0%
Vamo
0%
Vanderbilt Beach
0%
Venice
0%
Venice Gardens
0%
Venus
0%
Verdie
0%
Vermont Heights
0%
Verna
0%
Vernon
0%
Vero Beach
0%
Vero Beach South
0%
Vero Lake Estates
0%
Verona Walk
0%
Viera
0%
Viera East
0%
Viera West
0%
Viking
0%
Villano Beach
0%
Villas
0%
Vineland
0%
Vineyards
0%
Virginia Gardens
0%
Virginia Village
0%
Volusia
0%
Wabasso
0%
Wabasso Beach
0%
Wacissa
0%
Wadesboro
0%
Wahneta
0%
Wahoo
0%
Wakulla Beach
0%
Waldo
0%
Wallace
0%
Walnut Hill
0%
Wannee
0%
Warm Mineral Springs
0%
Warrington
0%
Washington Park
0%
Waterbury
0%
Waterford Lakes
0%
Watergate
0%
Waters Lake
0%
Watertown
0%
Wauchula
0%
Waukeenah
0%
Wausau
0%
Waverly
0%
Webster
0%
Wedgefield
0%
Weeki Wachee
0%
Weeki Wachee Gardens
0%
Weirsdale
0%
Wekiwa Springs
0%
Welaka
0%
Welcome
0%
Wellborn
0%
Wellington
0%
Wesley Chapel
0%
Wesley Chapel South
0%
West Bradenton
0%
Westchase
0%
Westchester
0%
West DeLand
0%
West End
0%
Westgate
0%
West Hollywood
0%
West Kendall
0%
Westlake
0%
West Lealman
0%
West Little River
0%
West Melbourne
0%
West Miami
0%
Weston
0%
West Palm Beach
0%
West Park
0%
West Pensacola
0%
West Perrine
0%
West Samoset
0%
West Tampa
0%
West Vero Corridor
0%
Westview
0%
Westville
0%
Westwood Lakes
0%
Wetumpka
0%
Wewahitchka
0%
Whiskey Creek
0%
Whispering Pines
0%
White City
0%
White Springs
0%
Whitfield
0%
Wilbur-By-The-Sea
0%
Wilcox
0%
Wilcox Junction
0%
Wildwood
0%
Williamsburg
0%
Williford
0%
Willis
0%
Williston
0%
Williston Highlands
0%
Willow Oak
0%
Wilton Manors
0%
Wimauma
0%
Windermere
0%
Windsor
0%
Winston
0%
Winter Beach
0%
Winter Garden
0%
Winter Haven
0%
Winter Springs
0%
Wiscon
0%
Woodlawn Beach
0%
Woodmere
0%
Woodville
0%
World Commerce Center
0%
World Golf Village
0%
Worthington Springs
0%
Wright
0%
Yalaha
0%
Yankeetown
0%
Yeehaw Junction
0%
Yelvington
0%
Youngstown
0%
Yulee
0%
Zellwood
0%
Zephyrhills North
0%
Zephyrhills South
0%
Zephyrhills West
0%
Zolfo Springs
0%
Zuber
0%
No matching quizzes found
Score Distribution
Percent of People with Each Score
Percentile by Number Answered
Your Score History
You have not taken this quiz